Kapitoly z obecné chirurgie pro studující ošetřovatelství

Saved in:
Bibliographic Details
Main Authors Michalský, Rudolf, 1951- (Author), Volfová, Ivana, 1954- (Author)
Format Book
LanguageCzech
Published Opava : Slezská univerzita v Opavě, Filozoficko-přírodovědecká fakulta, Ústav ošetřovatelství, 2008
EditionVyd. 1.
Subjects
ISBN9788072484645
Physical Description83 s. : il. ; 30 cm

Cover

LEADER 00000cam a2200000 a 4500
001 50348
003 CZ-ZlUTB
005 20190826001336.0
007 ta
008 080429s2008 xr ad e p 000 0 cze
020 |a 9788072484645  |q (brož.) 
035 |a (OCoLC)244812929 
040 |a OLA001  |b cze  |d ABA001  |d BOA001  |d ZLD002 
072 7 |a 617  |x Ortopedie. Chirurgie. Oftalmologie  |2 Konspekt  |9 14 
072 7 |a 37.016  |x Učební osnovy. Vyučovací předměty. Učebnice  |2 Konspekt  |9 22 
080 |a 617-089.1  |2 MRF 
080 |a (075.8)  |2 MRF 
100 1 |a Michalský, Rudolf,  |d 1951-  |7 jo20000080667  |4 aut 
245 1 0 |a Kapitoly z obecné chirurgie pro studující ošetřovatelství /  |c Rudolf Michalský, Ivana Volfová 
250 |a Vyd. 1. 
260 |a Opava :  |b Slezská univerzita v Opavě, Filozoficko-přírodovědecká fakulta, Ústav ošetřovatelství,  |c 2008 
300 |a 83 s. :  |b il. ;  |c 30 cm 
504 |a Obsahuje bibliografii 
650 0 7 |a obecná chirurgie  |7 ph292618  |2 czenas 
655 7 |a učebnice vysokých škol  |7 fd133772  |2 czenas 
655 7 |a vysokoškolská skripta  |7 fd190824  |2 czenas 
700 1 |a Volfová, Ivana,  |d 1954-  |7 mzk2008458694  |4 aut 
910 |a ZLD002 
928 1 |a Slezská univerzita 
952 |0 0  |1 0  |4 0  |6 S61MICHALSKÝR  |7 0  |8 BOOK  |9 90265  |a UTBZL  |b UTBZL  |c 030  |d 2009-01-05  |l 0  |o S61/MICHALSKÝ,R.  |p 420010121701  |r 2019-08-26 00:00:00  |v 97.00  |w 2019-08-26  |x N:nákup; | 20100831  |y 05 
952 |0 0  |1 0  |4 0  |6 S61MICHALSKÝR  |7 0  |8 BOOK  |9 90266  |a UTBZL  |b UTBZL  |c 006  |d 2009-01-05  |l 9  |m 2  |o S61/MICHALSKÝ,R.  |p 420010121702  |r 2024-06-26 00:00:00  |s 2024-04-17  |v 97.00  |w 2019-08-26  |x N:nákup; | 20100831  |y 04 
952 |0 0  |1 0  |4 0  |6 S61MICHALSKÝR  |7 0  |8 BOOK  |9 90267  |a UTBZL  |b UTBZL  |c 006  |d 2009-01-05  |l 13  |o S61/MICHALSKÝ,R.  |p 420010121703  |r 2019-08-26 00:00:00  |v 97.00  |w 2019-08-26  |x N:nákup; | 20100831  |y 04 
992 |a BK  |b SK  |d 21 
901 |f 1. vyd.  |o 20080904 
999 |c 50348  |d 50348